A textbook of business law / (Record no. 343603)
[ view plain ]
| 000 -LEADER | |
|---|---|
| fixed length control field | 00593 a2200181 4500 |
| 020 ## - INTERNATIONAL STANDARD BOOK NUMBER | |
| International Standard Book Number | 8124100292 |
| 020 ## - INTERNATIONAL STANDARD BOOK NUMBER | |
| International Standard Book Number | 9788124100295 |
| 090 ## - LOCALLY ASSIGNED LC-TYPE CALL NUMBER (OCLC); LOCAL CALL NUMBER (RLIN) | |
| -- | 1069 |
| -- | 1069 |
| 100 1# - MAIN ENTRY--PERSONAL NAME | |
| Personal name | Saxena, S.B. |
| 245 12 - TITLE STATEMENT | |
| Title | A textbook of business law / |
| Statement of responsibility, etc. | S.B. Saxena. |
| 260 ## - PUBLICATION, DISTRIBUTION, ETC. | |
| Place of publication, distribution, etc. | [S.l.] : |
| Name of publisher, distributor, etc. | Har Anand Publications, |
| Date of publication, distribution, etc. | 2007. |
| 300 ## - PHYSICAL DESCRIPTION | |
| Extent | 748 p. |
| 500 ## - GENERAL NOTE | |
| General note | Paperback. |
| 700 1# - ADDED ENTRY--PERSONAL NAME | |
| Personal name | Gupta, M.P. |
| 856 40 - ELECTRONIC LOCATION AND ACCESS | |
| Materials specified | Amazon.com |
| Uniform Resource Identifier | <a href="http://www.amazon.com/exec/obidos/ASIN/8124100292/chopaconline-20">http://www.amazon.com/exec/obidos/ASIN/8124100292/chopaconline-20</a> |
| 856 40 - ELECTRONIC LOCATION AND ACCESS | |
| Materials specified | Amazon customer reviews |
| Uniform Resource Identifier | <a href="http://www.chopac.org/cgi-bin/tools/azrev.pl?q=8124100292">http://www.chopac.org/cgi-bin/tools/azrev.pl?q=8124100292</a> |
| 942 ## - ADDED ENTRY ELEMENTS (KOHA) | |
| Institution code [OBSOLETE] | NBS |
| Koha item type | Book |
| Call number prefix | 346.07 SAK |
| Withdrawn status | Lost status | Damaged status | Not for loan | Permanent Location | Current Location | Date acquired | Total Checkouts | Full call number | Barcode | Date last seen | Date last checked out | Price effective from | Koha item type |
|---|---|---|---|---|---|---|---|---|---|---|---|---|---|
| NUST Law School (NLS) | NUST Law School (NLS) | 08/28/2013 | 4 | 346.07 SAK | NBS2444 | 06/01/2024 | 02/12/2023 | 08/28/2013 | Book |
